000 00735nab a22002297a 4500
001 11148
003 HDC
007 cr bn ---aaaaa
008 210128c99999999my ||||o |||| 00| 00eng d
040 _aHDC
245 0 _aKagome to form Malaysian joint venture for halal seasonings
336 _atext
_2rdacontent
337 _acomputer
_2rdamedia
338 _aonline resource
_2rdacarrier
650 _aHalal food industry
_9128
650 _aIslamic law
_9590
710 _aNikkei Asian Review
856 _zRequest full-text at [email protected]
942 _2lcc
942 _cNEWS
942 _kNWSO 001499
999 _c8471
_d8471